[Event "Titled Tuesday intern op 19th Sep Early"]
[Site "Chess.com INT"]
[Date "2023.09.19"]
[Round "5"]
[White "Hernando Rodrigo, Julio Antonio"]
[Black "Dwilewicz, Katarzyna"]
[Result "1-0"]
[WhiteElo "2208"]
[BlackElo "2098"]
[PlyCount "115"]
[EventDate "2023.09.19"]
[EventType "swiss (blitz)"]
[EventRounds "11"]
[EventCountry "USA"]
[SourceTitle "EXT 2024"]
[Source "ChessBase"]
[SourceDate "2023.10.10"]
[SourceVersion "1"]
[SourceVersionDate "2023.10.10"]
[SourceQuality "1"]

1. d4 d5 2. c4 dxc4 3. Nf3 Nf6 4. e3 Bg4 5. Bxc4 e6 6. Qb3 Bxf3 7. gxf3 b6 8. Rg1 c5 9. dxc5 Bxc5 10. Rxg7 Kf8 11. Rg1 Nc6 12. e4 Rc8 13. Bh6+ Ke7 14. Qc3 Bd4 15. Qd2 Ne5 16. Be2 Rg8 17. Bg5 Rg6 18. f4 Rxg5 19. Rxg5 Nxe4 20. Qb4+ Kf6 21. fxe5+ Kxg5 22. Na3 Bxf2+ 23. Kf1 Qd4 24. Qxd4 Bxd4 25. Nb5 Bxb2 26. Rd1 Bxe5 27. Nxa7 Nc3 28. Nxc8 Nxd1 29. Bxd1 Bxh2 30. Nxb6 f5 31. a4 Bc7 32. a5 e5 33. Nc4 e4 34. a6 Bb8 35. Bc2 h5 36. Nd6 h4 37. Kg2 Kg4 38. Bd1+ Kf4 39. Nc8 e3 40. Be2 Ke4 41. Nd6+ Ke5 42. Nc4+ Kd4 43. Na5 Kc5 44. Kh3 f4 45. Nb3+ Kb6 46. Nd4 Be5 47. Nf3 Bb8 48. Kxh4 Ka5 49. Kg4 Kb6 50. Kf5 Bc7 51. Ke4 Bb8 52. Nd4 Bc7 53. Ne6 Bb8 54. Nxf4 Bc7 55. Nd5+ Ka7 56. Nxc7 Kb8 57. Ne6 Ka7 58. Kxe3 1-0

[Event "Titled Tuesday intern op 19th Sep Early"]
[Site "Chess.com INT"]
[Date "2023.09.19"]
[Round "7"]
[White "Hernando Rodrigo, Julio Antonio"]
[Black "Seder, Mohamad"]
[Result "1-0"]
[WhiteElo "2208"]
[BlackElo "2077"]
[PlyCount "113"]
[EventDate "2023.09.19"]
[EventType "swiss (blitz)"]
[EventRounds "11"]
[EventCountry "USA"]
[SourceTitle "EXT 2024"]
[Source "ChessBase"]
[SourceDate "2023.10.10"]
[SourceVersion "1"]
[SourceVersionDate "2023.10.10"]
[SourceQuality "1"]

1. d4 Nf6 2. c4 e6 3. Nf3 d5 4. g3 c6 5. Bg2 Be7 6. 0-0 0-0 7. Qc2 dxc4 8. Rd1 b5 9. a4 Bb7 10. b3 cxb3 11. Qxb3 Qd5 12. Qc2 Qf5 13. Qxf5 exf5 14. Ne5 b4 15. Nd2 Nfd7 16. Nec4 Nb6 17. Na5 Ba6 18. Nxc6 Nxc6 19. Bxc6 Rac8 20. d5 Bxe2 21. Re1 Bf6 22. Rb1 Bc4 23. Nxc4 Nxc4 24. Rxb4 Ne5 25. Kg2 Nd3 26. Bd2 Bg5 27. Rd1 Nxb4 28. Bxb4 Rfd8 29. Re1 f4 30. a5 fxg3 31. hxg3 Bf6 32. a6 h5 33. Bc5 Rc7 34. Rb1 Rdc8 35. Rb7 Rxc6 36. dxc6 Rxc6 37. Bxa7 Rxa6 38. Be3 Ra2 39. Rb5 g6 40. Rb6 Kg7 41. Rc6 Rb2 42. Rxf6 Kxf6 43. Bd4+ Kf5 44. Bxb2 g5 45. Kf3 h4 46. g4+ Kg6 47. Be5 f5 48. Bc7 f4 49. Kg2 Kf6 50. f3 Ke6 51. Kh3 Kf6 52. Bxf4 gxf4 53. Kxh4 Kg6 54. g5 Kf5 55. Kh5 Ke5 56. Kg4 Kd4 57. Kxf4 1-0

[Event "Titled Tuesday intern op 19th Sep Late"]
[Site "Chess.com INT"]
[Date "2023.09.19"]
[Round "11"]
[White "Mirzoev, Azer"]
[Black "Hernando Rodrigo, Julio Antonio"]
[Result "1-0"]
[WhiteElo "2418"]
[BlackElo "2208"]
[PlyCount "143"]
[EventDate "2023.09.19"]
[EventType "swiss (blitz)"]
[EventRounds "11"]
[EventCountry "USA"]
[SourceTitle "EXT 2024"]
[Source "ChessBase"]
[SourceDate "2023.10.10"]
[SourceVersion "1"]
[SourceVersionDate "2023.10.10"]
[SourceQuality "1"]

1. c4 Nf6 2. Nc3 g6 3. e4 d6 4. d4 Bg7 5. f3 0-0 6. Bg5 Nbd7 7. Nh3 e5 8. d5 h6 9. Be3 Nc5 10. Nf2 a5 11. Qd2 h5 12. 0-0-0 Nfd7 13. g4 h4 14. Rg1 Nb6 15. Kb1 f6 16. Be2 g5 17. Qc2 Bd7 18. Rc1 a4 19. Rgd1 Rf7 20. Nb5 Bf8 21. Nd3 Qb8 22. Nxc5 dxc5 23. Qd2 Bd6 24. Qe1 Bxb5 25. cxb5 Nd7 26. a3 Qa7 27. h3 Qa5 28. Qf1 b6 29. Ka2 Kf8 30. Bd2 Qa7 31. Rc4 Qb7 32. Rdc1 Kg7 33. Bd1 Nf8 34. Rxa4 Rxa4 35. Bxa4 Ng6 36. Bd1 Rf8 37. Rc4 Ra8 38. Ra4 Rxa4 39. Bxa4 Nf4 40. Bc2 Nxd5 41. exd5 Qxd5+ 42. Bb3 Qxd2 43. Qc4 e4 44. Qf7+ Kh6 45. Qxf6+ Kh7 46. Qf7+ Kh6 47. Qe6+ Kh7 48. Qxe4+ Kg7 49. Bc2 Qd4 50. Qg6+ Kf8 51. Qf5+ Ke8 52. Qxg5 Be5 53. Qg8+ Kd7 54. Qf7+ Kc8 55. Qb3 Kb7 56. a4 Kb8 57. Qa3 c4 58. Qb4 c3 59. Qxd4 Bxd4 60. b4 c5 61. bxc5 Kc7 62. c6 Kd6 63. Kb3 Be5 64. Kc4 Bf4 65. Kxc3 Bg5 66. Kc4 Bf6 67. Kd3 Bg5 68. Bb3 Bf6 69. Ke4 Kc7 70. f4 Be7 71. g5 Bb4 72. f5 1-0

[Event "Titled Tuesday intern op 19th Sep Late"]
[Site "Chess.com INT"]
[Date "2023.09.19"]
[Round "8"]
[White "Shapiro, Viktor"]
[Black "Hernando Rodrigo, Julio Antonio"]
[Result "1-0"]
[WhiteElo "2113"]
[BlackElo "2208"]
[PlyCount "61"]
[EventDate "2023.09.19"]
[EventType "swiss (blitz)"]
[EventRounds "11"]
[EventCountry "USA"]
[SourceTitle "EXT 2024"]
[Source "ChessBase"]
[SourceDate "2023.10.10"]
[SourceVersion "1"]
[SourceVersionDate "2023.10.10"]
[SourceQuality "1"]

1. c4 g6 2. Nc3 Bg7 3. Nf3 c5 4. g3 Nc6 5. Bg2 Nf6 6. d3 0-0 7. a3 d6 8. Rb1 a6 9. b4 Rb8 10. bxc5 dxc5 11. 0-0 Nd4 12. Bf4 Ra8 13. Na4 Ne6 14. Be3 Nd7 15. Ng5 Nxg5 16. Bxg5 Rb8 17. Qc1 f6 18. Be3 Qc7 19. Nc3 e6 20. Bf4 e5 21. Nd5 Qd6 22. Bd2 b5 23. Ba5 bxc4 24. Rxb8 Qxb8 25. Qxc4 Kh8 26. Bc7 Qa7 27. Rb1 Bb7 28. Bd6 Bxd5 29. Qxd5 Rd8 30. Rb7 Nb6 31. Qf7 1-0

[Event "Titled Tuesday intern op 12th Sep Early"]
[Site "Chess.com INT"]
[Date "2023.09.12"]
[Round "6"]
[White "Hernando Rodrigo, Julio Antonio"]
[Black "Fiorito, Joaquin"]
[Result "1-0"]
[WhiteElo "2208"]
[BlackElo "2399"]
[PlyCount "163"]
[EventDate "2023.09.12"]
[EventType "swiss (blitz)"]
[EventRounds "11"]
[EventCountry "USA"]
[SourceTitle "EXT 2024"]
[Source "ChessBase"]
[SourceDate "2023.10.10"]
[SourceVersion "1"]
[SourceVersionDate "2023.10.10"]
[SourceQuality "1"]

1. d4 Nf6 2. c4 e6 3. Nf3 d5 4. g3 Bb4+ 5. Bd2 a5 6. Bg2 0-0 7. 0-0 dxc4 8. a4 b6 9. Na3 Bxa3 10. Rxa3 Bb7 11. Qc2 Bd5 12. Bg5 Nbd7 13. Rd1 h6 14. Bxf6 Nxf6 15. Ne5 Bxg2 16. Kxg2 Qd5+ 17. Kg1 c5 18. Qxc4 cxd4 19. Qxd5 Nxd5 20. Rxd4 Rfc8 21. Rb3 Rc7 22. e4 Nb4 23. Rd7 Rac8 24. Rc3 Rxc3 25. bxc3 Rxc3 26. Nxf7 Nc6 27. Rc7 Rc4 28. Nd6 Rc5 29. Nb7 Rc4 30. Nd8 Ne5 31. Nxe6 Rxe4 32. Nxg7 Kh8 33. Nh5 Nf3+ 34. Kg2 Ng5 35. h4 Ne6 36. Rb7 Rb4 37. Nf6 Nf8 38. Rf7 Rxa4 39. Rxf8+ Kg7 40. Rb8 Kxf6 41. Rxb6+ Kg7 42. Ra6 Ra2 43. g4 Ra3 44. f3 a4 45. Kg3 Ra1 46. h5 a3 47. Kf4 Kf7 48. Kf5 a2 49. Ra7+ Ke8 50. f4 Kd8 51. Kg6 Rg1 52. Rxa2 Rxg4+ 53. Kxh6 Rxf4 54. Re2 Rg4 55. Kh7 Kd7 56. h6 Kd8 57. Kh8 Kd7 58. h7 Kd8 59. Re1 Kd7 60. Re2 Kd8 61. Re1 Kd7 62. Ra1 Ke7 63. Ra8 Kf7 64. Ra7+ Kf8 65. Ra8+ Kf7 66. Rg8 Rh4 67. Rg7+ Kf8 68. Rg1 Kf7 69. Rf1+ Ke8 70. Kg7 Rg4+ 71. Kh6 Rh4+ 72. Kg6 Rh2 73. Rg1 Kf8 74. Rf1+ Ke7 75. Rf7+ Ke8 76. Rf5 Ke7 77. Re5+ Kf8 78. Rf5+ Ke7 79. Kg7 Rg2+ 80. Kh6 Ke6 81. Rg5 Rxg5 82. Kxg5 1-0

[Event "Titled Tuesday intern op 12th Sep Late"]
[Site "Chess.com INT"]
[Date "2023.09.12"]
[Round "1"]
[White "Hernando Rodrigo, Julio Antonio"]
[Black "Schut, Han"]
[Result "0-1"]
[WhiteElo "2208"]
[BlackElo "2091"]
[PlyCount "74"]
[EventDate "2023.09.12"]
[EventType "swiss (blitz)"]
[EventRounds "11"]
[EventCountry "USA"]
[SourceTitle "EXT 2024"]
[Source "ChessBase"]
[SourceDate "2023.10.10"]
[SourceVersion "1"]
[SourceVersionDate "2023.10.10"]
[SourceQuality "1"]

1. d4 Nf6 2. c4 g6 3. Nf3 Bg7 4. Nc3 d5 5. cxd5 Nxd5 6. e4 Nxc3 7. bxc3 c5 8. Rb1 Nc6 9. d5 Ne5 10. Bb5+ Bd7 11. 0-0 0-0 12. Bf4 Nxf3+ 13. Qxf3 e6 14. c4 e5 15. Be3 b6 16. Qe2 f5 17. f3 f4 18. Bf2 g5 19. Bxd7 Qxd7 20. Rb5 h5 21. h3 Rf6 22. Rfb1 Rg6 23. a4 g4 24. fxg4 hxg4 25. hxg4 Qxg4 26. Qxg4 Rxg4 27. a5 f3 28. g3 Rxe4 29. axb6 axb6 30. Rxb6 Rxc4 31. Rc6 e4 32. Rxc5 Rxc5 33. Bxc5 Ra5 34. d6 Rxc5 35. d7 Bf6 36. Rb6 Bd4+ 37. Kh2 Rc2+ 0-1

[Event "Titled Tuesday intern op 05th Sep Late"]
[Site "Chess.com INT"]
[Date "2023.09.05"]
[Round "6"]
[White "De Souza, Arthur Olintho"]
[Black "Hernando Rodrigo, Julio Antonio"]
[Result "0-1"]
[WhiteElo "2113"]
[BlackElo "2208"]
[PlyCount "88"]
[EventDate "2023.09.05"]
[EventType "swiss (blitz)"]
[EventRounds "11"]
[EventCountry "USA"]
[SourceTitle "EXT 2024"]
[Source "ChessBase"]
[SourceDate "2023.10.10"]
[SourceVersion "1"]
[SourceVersionDate "2023.10.10"]
[SourceQuality "1"]

1. e4 e6 2. Nc3 d5 3. Nf3 d4 4. Ne2 c5 5. Ng3 Nc6 6. Bc4 e5 7. 0-0 Be7 8. d3 a6 9. a4 Nf6 10. Ng5 0-0 11. f4 h6 12. Nf3 exf4 13. Bxf4 Ng4 14. Qe2 Bd6 15. Bxd6 Qxd6 16. Nh4 Ne3 17. Ngf5 Qf6 18. Nxe3 Qxh4 19. Nd5 Be6 20. Rf4 Qg5 21. h4 Qd8 22. Raf1 Ne5 23. Ba2 b5 24. Qf2 Ng6 25. Rf3 Qxh4 26. Nc7 Bxa2 27. Nxa8 Qxf2+ 28. R1xf2 Rxa8 29. axb5 axb5 30. Rf5 Rc8 31. b3 c4 32. bxc4 bxc4 33. Ra5 Bb1 34. dxc4 Rxc4 35. Ra8+ Nf8 36. Rd8 Bxc2 37. e5 Bb3 38. e6 Rc1+ 39. Kh2 Bxe6 40. Rxd4 Ng6 41. Rd6 Kh7 42. Kg3 Ne7 43. Ra6 Nf5+ 44. Kh2 Ne3 0-1

[Event "Titled Tuesday intern op 05th Sep Early"]
[Site "Chess.com INT"]
[Date "2023.09.05"]
[Round "1"]
[White "Drygalov, Andrey"]
[Black "Hernando Rodrigo, Julio Antonio"]
[Result "1-0"]
[WhiteElo "2475"]
[BlackElo "2208"]
[PlyCount "95"]
[EventDate "2023.09.05"]
[EventType "swiss (blitz)"]
[EventRounds "11"]
[EventCountry "USA"]
[SourceTitle "EXT 2024"]
[Source "ChessBase"]
[SourceDate "2023.10.10"]
[SourceVersion "1"]
[SourceVersionDate "2023.10.10"]
[SourceQuality "1"]

1. e4 e6 2. d4 d5 3. Nd2 c5 4. exd5 exd5 5. Ngf3 Nc6 6. Bb5 Bd6 7. dxc5 Bxc5 8. 0-0 Nge7 9. Nb3 Bd6 10. Nbd4 0-0 11. c3 Bg4 12. h3 Nxd4 13. cxd4 Bh5 14. Bd3 h6 15. Be3 Rc8 16. Re1 Bb8 17. Bd2 a6 18. Qe2 Nc6 19. Qe3 Bxf3 20. Qxf3 Qd6 21. g3 Nxd4 22. Qg4 Ba7 23. Bf4 Qf6 24. Kh1 Rfe8 25. Rxe8+ Rxe8 26. Be3 Nc2 27. Bxc2 Bxe3 28. fxe3 Qxb2 29. Qd1 Rxe3 30. Rb1 Qe5 31. Qg4 Re1+ 32. Rxe1 Qxe1+ 33. Kg2 Qd2+ 34. Kf1 Qxc2 35. Qd7 Qb1+ 36. Ke2 Qxa2+ 37. Kf3 Qb3+ 38. Kg4 Qc4+ 39. Kh5 Qe4 40. g4 Kh7 41. Qxf7 d4 42. Kh4 d3 43. Qd7 Qe1+ 44. Kh5 Qe5+ 45. Kh4 Qg5+ 46. Kg3 Qe3+ 47. Kh4 Qe4 48. Kh5 1-0